| 000 | 004800000a22001810004500 | ||
|---|---|---|---|
| 020 | _a0-8010-5426-5 | ||
| 041 | 0 | _aENG | |
| 082 | 0 | 4 | _aG 266 K1623c |
| 100 | 1 | _aKane, J. Herbert | |
| 245 | 1 | 0 | _aThe christian world mission : Today and tomorrow / J. Herbert Kane |
| 260 | _aGrand Rapids, MI., USA : Baker | ||
| 300 | _a294 Pag | ||
| 001 | 7254 | ||
| 942 | _cBK | ||
| 999 |
_c37471 _d37471 |
||
| 336 |
_atexto _btxt _2rdacontent |
||
| 337 |
_2rdamedia _asin mediación _bn |
||
| 338 |
_2rdacarrier _avolumen _bnc |
||